[Event "2. Bundesliga Mitte 2009/2010"]
[Site "St. Valentin"]
[Date "2010.01.31"]
[Round "6"]
[Board "6"]
[White "Hafner, Robert"]
[Black "Niederwieser, Peter"]
[Result "0-1"]
[WhiteElo "2110"]
[BlackElo "2173"]
[PlyCount "104"]
[EventDate "2009.10.10"]
[EventType "team"]
[EventRounds "11"]
[EventCountry "AUT"]
[WhiteTeam "Admira Villach"]
[BlackTeam "Spg. Sauwald"]

1.d4 d5 2.c4 c6 3.Nf3 Nf6 4.Nc3 a6 5.e3 b5 6.b3 Bg4 7.Be2 e6 8.O-O Bd6 9.Bb2
Nbd7 10.h3 Bh5 11.Ne5 Bxe2 12.Nxe2 Qc7 13.Nxd7 Qxd7 14.Qc2 O-O 15.Rfd1 Rab8
16.Rab1 h6 17.Nc1 Ne4 18.Nd3 f5 19.f3 Ng3 20.Ne5 Bxe5 21.dxe5 Qf7 22.cxd5 cxd5
23.Qf2 f4 24.exf4 Qxf4 25.Rd4 Qf5 26.Re1 Ne4 27.Qe2 Nc5 28.Rd2 Rfc8 29.Rc1 Nd7
30.Rdc2 Qf8 31.Bd4 Qd8 32.Rc6 Rxc6 33.Rxc6 Rc8 34.Rxe6 Rc1+ 35.Kh2 Qh4 36.Bf2
Qf4+ 37.Bg3 Qd4 38.Bf2 Qf4+ 39.g3 Qf5 40.Rd6 Rc2 41.Qe3 Nxe5 42.Kg1 Nxf3+ 43.Kg2
Ng5 44.Rd8+ Kh7 45.g4 Qe4+ 46.Kg3 Re2 47.Qc3 Qe7 48.Qc8 Ne4+ 49.Kg2 Rxf2+ 50.Kg1
Qe5 51.Rh8+ Kg6 52.Qc6+ Rf6

[Event "2. Bundesliga Mitte 2009/2010"]
[Site "St. Valentin"]
[Date "2010.01.31"]
[Round "6"]
[Board "1"]
[White "Skoberne, Jure"]
[Black "Sandhoefner, Florian"]
[Result "1/2-1/2"]
[WhiteElo "2509"]
[BlackElo "2160"]
[PlyCount "157"]
[EventDate "2009.10.10"]
[EventType "team"]
[EventRounds "11"]
[EventCountry "AUT"]
[WhiteTeam "ESV Austria Graz"]
[BlackTeam "ASK St. Valentin"]

1.c4 Nf6 2.Nf3 c6 3.d4 d5 4.e3 e6 5.Nc3 Nbd7 6.Qc2 Bd6 7.Bd2 Qe7 8.O-O-O O-O
9.e4 dxe4 10.Nxe4 Nxe4 11.Qxe4 e5 12.Bg5 f6 13.Bd3 g6 14.c5 exd4 15.Bh6 Qxe4
16.Bxe4 Re8 17.cxd6 Rxe4 18.Rhe1 Nc5 19.Rxe4 Nxe4 20.Rxd4 Bf5 21.Be3 Rd8 22.Ra4
Nxd6 23.Rxa7 Bd3 24.Nd4 Ba6 25.Ne6 Rc8 26.a4 c5 27.Nxc5 Bf1 28.Kb1 Bxg2 29.b4 g5
30.a5 Bc6 31.a6 bxa6 32.Rxa6 Kf7 33.Bd4 Nb5 34.Bb2 g4 35.Kc2 Kg6 36.Kb3 h5
37.Kc2 Kf5 38.Kb3 Rc7 39.Kc4 Nd6+ 40.Kd4 Nb5+ 41.Ke3 Re7+ 42.Kd3 Rc7 43.Rb6 Rc8
44.Nb3 Kf4 45.Bxf6 Be4+ 46.Ke2 Nc3+ 47.Bxc3 Rxc3 48.Nd4 Rh3 49.Ne6+ Ke5 50.Ng5
Rxh2 51.Ke3 Bd5 52.b5 h4 53.Rg6 g3 54.f4+ Kf5 55.Rd6 Bb7 56.Nf7 Kg4 57.Rg6+ Kh3
58.Ng5+ Kg2 59.Rd6 Rh1 60.Rd2+ Kg1 61.Rd7 Bg2 62.Rh7 h3 63.f5 Kh2 64.f6 Re1+
65.Kd2 Re8 66.f7 Rb8 67.b6 Bd5 68.Rxh3+ Kg2 69.Rh6 Rf8 70.Rf6 Kh2 71.Nf3+ Bxf3
72.Rxf3 g2 73.Rf2 Kg3 74.Rf6 g1=Q 75.Rg6+ Kf2 76.Rxg1 Kxg1 77.b7 Kf2 78.Kd3 Kf3
79.Kd4

[Event "2. Bundesliga Mitte 2009/2010"]
[Site "St. Valentin"]
[Date "2010.01.31"]
[Round "6"]
[Board "3"]
[White "Kotz, Heinz Peter"]
[Black "Tober, Gerhard"]
[Result "1/2-1/2"]
[WhiteElo "2332"]
[BlackElo "2296"]
[PlyCount "66"]
[EventDate "2009.10.10"]
[EventType "team"]
[EventRounds "11"]
[EventCountry "AUT"]
[WhiteTeam "ESV Austria Graz"]
[BlackTeam "ASK St. Valentin"]

1.e4 c5 2.Nf3 Nc6 3.d4 cxd4 4.Nxd4 e5 5.Nb5 d6 6.N1c3 a6 7.Na3 Be6 8.Nc4 b5
9.Ne3 Nf6 10.g4 h6 11.Bg2 Rc8 12.O-O g6 13.Ncd5 Bg7 14.c3 O-O 15.a4 Bxd5 16.Nxd5
Nxd5 17.Qxd5 b4 18.Qd3 a5 19.Rd1 Qc7 20.Qh3 bxc3 21.bxc3 g5 22.Bf1 Rfd8 23.Ba6
Rb8 24.Qd3 Ne7 25.Ba3 Rb6 26.Rab1 Ng6 27.Rxb6 Qxb6 28.Rb1 Qc6 29.Rb7 Rc8 30.Bc1
Qxc3 31.Bd2 Qxd3 32.Bxd3 Nf4 33.Bf1 Rc2

[Event "2. Bundesliga Mitte 2009/2010"]
[Site "St. Valentin"]
[Date "2010.01.31"]
[Round "6"]
[Board "4"]
[White "Trauner, Rudolf"]
[Black "Ebner, Hubert"]
[Result "1-0"]
[WhiteElo "2213"]
[BlackElo "2194"]
[PlyCount "97"]
[EventDate "2009.10.10"]
[EventType "team"]
[EventRounds "11"]
[EventCountry "AUT"]
[WhiteTeam "ASK St. Valentin"]
[BlackTeam "ESV Austria Graz"]

1.d4 Nf6 2.c4 g6 3.g3 Bg7 4.Bg2 O-O 5.Nf3 c6 6.Nc3 d6 7.b3 Qa5 8.Qd2 Bg4 9.h3
Bxf3 10.Bxf3 Nbd7 11.O-O Rfe8 12.Bg2 Rab8 13.Rd1 a6 14.Bb2 c5 15.Qe3 b5 16.cxb5
axb5 17.dxc5 Nxc5 18.Rd2 b4 19.Nd1 Nfd7 20.Bxg7 Kxg7 21.Rc1 Qa6 22.Qd4+ Kg8
23.Ne3 Nf6 24.Rc4 Qa5 25.Nd5 Nxd5 26.Bxd5 Nd7 27.Bc6 Red8 28.Bxd7 Rxd7 29.Rdc2
e5 30.Qd2 Kg7 31.Rh4 h5 32.Rc6 d5 33.Qg5 Qd8 34.Qxe5+ Kg8 35.Qd4 Ra8 36.Rc2 Rc7
37.Rxc7 Qxc7 38.Qxd5 Rxa2 39.Rxb4 Rxe2 40.Rb7 Qc1+ 41.Kg2 Re6 42.Qf3 f5 43.Rb8+
Kf7 44.Qb7+ Kf6 45.Rf8+ Ke5 46.f4+ Kd4 47.Rd8+ Kc3 48.Rc8+ Kd2 49.Qd5+

[Event "2. Bundesliga Mitte 2009/2010"]
[Site "St. Valentin"]
[Date "2010.01.31"]
[Round "6"]
[Board "5"]
[White "Fahrner, Kurt"]
[Black "Heimberger, Reinhard"]
[Result "0-1"]
[WhiteElo "2300"]
[BlackElo "2257"]
[PlyCount "102"]
[EventDate "2009.10.10"]
[EventType "team"]
[EventRounds "11"]
[EventCountry "AUT"]
[WhiteTeam "ESV Austria Graz"]
[BlackTeam "ASK St. Valentin"]

1.g3 c5 2.Bg2 Nc6 3.c4 g6 4.Nc3 Bg7 5.Nf3 d6 6.O-O e5 7.a3 Nge7 8.b4 O-O 9.b5
Na5 10.Qa4 Be6 11.d3 e4 12.Nxe4 Bxa1 13.Bd2 Nxc4 14.dxc4 Bg7 15.Bf4 Bxc4 16.Qxc4
d5 17.Qxc5 dxe4 18.Ng5 b6 19.Qc2 Rc8 20.Qxe4 Nf5 21.Bh3 Rc5 22.a4 Re8 23.Qb1 Nd4
24.e3 Ne2+ 25.Kg2 Rxg5 26.Bxg5 Qxg5 27.Qd3 Nc3 28.Rc1 Qd5+ 29.Qxd5 Nxd5 30.Rc4
Bf8 31.Kf3 Bc5 32.Bf1 f5 33.h3 Nf6 34.g4 Ne4 35.Rc2 Kg7 36.gxf5 gxf5 37.h4 Kf6
38.Bh3 h6 39.Rc1 Nxf2 40.Rxc5 bxc5 41.Kxf2 Re4 42.a5 Rxh4 43.Bg2 Ra4 44.a6 Rb4
45.Bc6 h5 46.Kg3 h4+ 47.Kg2 Ke5 48.Kf2 h3 49.Ke2 h2 50.Kd3 Kd6 51.Kc3 Rxb5

[Event "2. Bundesliga Mitte 2009/2010"]
[Site "St. Valentin"]
[Date "2010.01.31"]
[Round "6"]
[Board "6"]
[White "Petroczi, Thomas"]
[Black "Aschenbrenner, Robert"]
[Result "1-0"]
[WhiteElo "2203"]
[BlackElo "2262"]
[PlyCount "161"]
[EventDate "2009.10.10"]
[EventType "team"]
[EventRounds "11"]
[EventCountry "AUT"]
[WhiteTeam "ASK St. Valentin"]
[BlackTeam "ESV Austria Graz"]

1.g3 d5 2.Bg2 Nf6 3.Nf3 Bf5 4.O-O e6 5.b3 h6 6.Bb2 Be7 7.d3 O-O 8.Nbd2 c5 9.Re1
Nc6 10.e4 Bh7 11.a3 Qc7 12.h3 Rfd8 13.Nh2 dxe4 14.Nxe4 Ne8 15.Nf3 Rac8 16.Rc1 b5
17.Qe2 Bg6 18.Qe3 Na5 19.Ne5 Bxe4 20.Qxe4 Nf6 21.Qe2 Bf8 22.Rcd1 Qb6 23.Qf3 Rc7
24.Bc1 Nd5 25.Bd2 f6 26.Ng6 Nc6 27.Nxf8 Kxf8 28.Qh5 Nd4 29.Rc1 e5 30.Be4 Ne7
31.Bg2 Ng8 32.Bc3 Rdc8 33.Re4 Ne7 34.Ree1 a5 35.Bd2 Qa6 36.Re4 Ng8 37.f4 exf4
38.Bxf4 Re7 39.Kh2 f5 40.Re5 g5 41.Rxe7 Nxe7 42.Bd2 b4 43.a4 Qg6 44.Qd1 Qe6
45.Qh5 Qg6 46.Qd1 Qe6 47.Qh5 Kg7 48.Re1 Qf7 49.Qd1 Ng6 50.Be3 f4 51.Bf2 Nf5
52.Qg4 Rc7 53.gxf4 Nxf4 54.Rf1 Nxg2 55.Qxg2 Qe6 56.Qe4 Qxe4 57.dxe4 Ne7 58.Rd1
Rc6 59.Kg3 c4 60.Rd7 Kf7 61.Bd4 Ke6 62.Rd8 h5 63.Rh8 cxb3 64.cxb3 Rd6 65.Rh6+
Kd7 66.Rxd6+ Kxd6 67.Bf6 Nc6 68.Bxg5 Ke5 69.Kf3 Kd4 70.Bf6+ Kd3 71.e5 Nd4+
72.Kf4 Kc2 73.Ke4 Ne6 74.Kd5 Nf4+ 75.Kc4 Ne6 76.Be7 Nf4 77.Bd8 Nd3 78.Bxa5 Nxe5+
79.Kxb4 h4 80.Bc7 Nd3+ 81.Kb5

[Event "2. Bundesliga Mitte 2009/2010"]
[Site "St. Valentin"]
[Date "2010.01.31"]
[Round "6"]
[Board "1"]
[White "Horvath, Tamas"]
[Black "Diermair, Andreas"]
[Result "1-0"]
[WhiteElo "2424"]
[BlackElo "2333"]
[PlyCount "117"]
[EventDate "2009.10.10"]
[EventType "team"]
[EventRounds "11"]
[EventCountry "AUT"]
[WhiteTeam "RbEJ Gleisdorf"]
[BlackTeam "Frauental"]

1.e4 e5 2.Nf3 Nc6 3.Bb5 a6 4.Ba4 Nf6 5.O-O Be7 6.Bxc6 dxc6 7.Nc3 Bg4 8.h3 Bh5
9.Qe2 Qd6 10.Nd1 Qe6 11.d3 O-O-O 12.Ne3 Rhg8 13.Nf5 g5 14.g4 Bg6 15.Nxg5 Qd7
16.Nh6 Rg7 17.Nf3 Qe6 18.Nh2 Ng8 19.Nxg8 Rgxg8 20.f3 h5 21.Rf2 Qf6 22.Nf1 Qh4
23.Rh2 f5 24.Be3 fxg4 25.hxg4 Qf6 26.Ng3 hxg4 27.fxg4 Qe6 28.b3 Rg7 29.Rf1 Rdg8
30.Rg2 Be8 31.Nf5 Rg6 32.Kf2 Rh8 33.Ke1 b6 34.Kd2 Kb7 35.Kc1 Ba3+ 36.Kb1 a5
37.Bc1 Bc5 38.Bb2 a4 39.Qd2 axb3 40.axb3 Rhg8 41.g5 Rh8 42.Qc3 Bd6 43.Nxd6+ cxd6
44.Bc1 Rh7 45.Rgf2 Rf7 46.Rf5 Kc7 47.Kb2 Rgg7 48.Be3 Bd7 49.Rf6 Rxf6 50.Rxf6 Qe7
51.Qc4 Bc8 52.Qa4 Bb7 53.b4 c5 54.bxc5 bxc5 55.Qa5+ Kc8 56.Qb6 Qc7 57.Rxd6 c4
58.Re6 cxd3 59.cxd3

[Event "2. Bundesliga Mitte 2009/2010"]
[Site "St. Valentin"]
[Date "2010.01.31"]
[Round "6"]
[Board "2"]
[White "Cigan, Stefan"]
[Black "Sandhu, Mario"]
[Result "0-1"]
[WhiteElo "2371"]
[BlackElo "2316"]
[PlyCount "58"]
[EventDate "2009.10.10"]
[EventType "team"]
[EventRounds "11"]
[EventCountry "AUT"]
[WhiteTeam "Frauental"]
[BlackTeam "RbEJ Gleisdorf"]

1.e4 c6 2.c4 d5 3.exd5 cxd5 4.cxd5 Nf6 5.Nc3 Nxd5 6.Nf3 Nc6 7.Bc4 e6 8.d4 Be7
9.O-O O-O 10.Re1 Nxc3 11.bxc3 b6 12.Qe2 Bb7 13.Bb2 Rc8 14.Rad1 Na5 15.Bd3 Qd5
16.Qc2 h6 17.Re5 Qd6 18.Rh5 Bxf3 19.gxf3 Bg5 20.h4 Bf4 21.Qe2 f5 22.Bc1 Rf6
23.d5 Bxc1 24.Rxc1 g6 25.Kh1 gxh5 26.Rg1+ Kf8 27.dxe6 Qxe6 28.Qc2 Qc6 29.Qe2 Re8

[Event "2. Bundesliga Mitte 2009/2010"]
[Site "St. Valentin"]
[Date "2010.01.31"]
[Round "6"]
[Board "3"]
[White "Wanderer, Thomas"]
[Black "Schnider, Gert"]
[Result "1/2-1/2"]
[WhiteElo "2220"]
[BlackElo "2322"]
[PlyCount "61"]
[EventDate "2009.10.10"]
[EventType "team"]
[EventRounds "11"]
[EventCountry "AUT"]
[WhiteTeam "RbEJ Gleisdorf"]
[BlackTeam "Frauental"]

1.e4 e6 2.d3 d5 3.Nd2 Nf6 4.Ngf3 Nc6 5.c3 a5 6.Qc2 e5 7.Be2 Bc5 8.O-O O-O 9.Nb3
Be7 10.Bg5 Be6 11.Rfd1 h6 12.Bh4 Nd7 13.Bxe7 Qxe7 14.Nbd2 f5 15.exf5 Bxf5 16.Nf1
Qf6 17.Ng3 Bg6 18.Qb3 Nb6 19.a4 Kh8 20.Rf1 Nd8 21.d4 exd4 22.Nxd4 Ne6 23.Nxe6
Qxe6 24.Rad1 Qd7 25.Bb5 c6 26.Bd3 Bxd3 27.Rxd3 Qc7 28.Qd1 Nc4 29.Qc2 Rae8 30.b3
Nd6 31.Rd4

[Event "2. Bundesliga Mitte 2009/2010"]
[Site "St. Valentin"]
[Date "2010.01.31"]
[Round "6"]
[Board "4"]
[White "Schreiner, Peter"]
[Black "Watzka, Horst"]
[Result "1/2-1/2"]
[WhiteElo "2254"]
[BlackElo "2311"]
[PlyCount "64"]
[EventDate "2009.10.10"]
[EventType "team"]
[EventRounds "11"]
[EventCountry "AUT"]
[WhiteTeam "Frauental"]
[BlackTeam "RbEJ Gleisdorf"]

1.e4 e5 2.Nf3 Nc6 3.Bb5 a6 4.Ba4 Nf6 5.O-O b5 6.Bb3 Be7 7.Re1 O-O 8.c3 d6 9.h3
Bb7 10.d4 Re8 11.Ng5 Rf8 12.Nf3 h6 13.Nbd2 Re8 14.Bc2 Bf8 15.a4 Qd7 16.b3 g6
17.d5 Ne7 18.c4 c6 19.Bd3 Reb8 20.Bb2 bxa4 21.Rxa4 c5 22.Nxe5 dxe5 23.Nf3 Bg7
24.Nxe5 Qe8 25.Qa1 Nh5 26.Re3 Nc8 27.Ra5 Qe7 28.Rf3 Nd6 29.g4 Re8 30.Nc6 Bxc6
31.gxh5 Bxb2 32.Qxb2 Bd7

[Event "2. Bundesliga Mitte 2009/2010"]
[Site "St. Valentin"]
[Date "2010.01.31"]
[Round "6"]
[Board "5"]
[White "Sandner, Wolfgang"]
[Black "Raffalt, Manfred"]
[Result "1-0"]
[WhiteElo "2224"]
[BlackElo "2136"]
[PlyCount "77"]
[EventDate "2009.10.10"]
[EventType "team"]
[EventRounds "11"]
[EventCountry "AUT"]
[WhiteTeam "RbEJ Gleisdorf"]
[BlackTeam "Frauental"]

1.e4 e6 2.d3 d5 3.Nd2 Nf6 4.Ngf3 Nc6 5.Be2 dxe4 6.dxe4 e5 7.c3 a5 8.O-O Bc5
9.Qc2 O-O 10.Nc4 h6 11.b3 Re8 12.a3 Bg4 13.Be3 Qe7 14.b4 axb4 15.axb4 Bxe3
16.Nxe3 Be6 17.Nd2 Red8 18.Ndc4 b6 19.Bf3 b5 20.Nb2 Qd6 21.Rxa8 Rxa8 22.Rd1 Qe7
23.Nd3 Nd7 24.Nd5 Qd8 25.Ne1 Ncb8 26.Ne3 Qf8 27.Qe2 c6 28.Bg4 Bxg4 29.Qxg4 Ra7
30.Nf3 Nf6 31.Qh4 Rd7 32.Ra1 Kh7 33.Nf5 Qd8 34.h3 Rd1+ 35.Rxd1 Qxd1+ 36.Kh2 Qc1
37.Nxe5 Qxc3 38.Nxf7 Nbd7 39.N7xh6

[Event "2. Bundesliga Mitte 2009/2010"]
[Site "St. Valentin"]
[Date "2010.01.31"]
[Round "6"]
[Board "6"]
[White "Schnabel, Josef"]
[Black "Knoll, Martin"]
[Result "1/2-1/2"]
[WhiteElo "2010"]
[BlackElo "2038"]
[PlyCount "65"]
[EventDate "2009.10.10"]
[EventType "team"]
[EventRounds "11"]
[EventCountry "AUT"]
[WhiteTeam "Frauental"]
[BlackTeam "RbEJ Gleisdorf"]

1.d4 d5 2.c4 c6 3.Nc3 Nf6 4.Nf3 e6 5.Bg5 Nbd7 6.e3 Qa5 7.Bxf6 Nxf6 8.Qc2 Bb4
9.Bd3 dxc4 10.Bxc4 Nd5 11.Rc1 Nxc3 12.bxc3 Bd6 13.e4 b5 14.Bd3 Bb7 15.e5 Ba3
16.Rb1 h6 17.O-O a6 18.c4 Be7 19.Be4 Rc8 20.c5 Qc7 21.Qe2 Rd8 22.Rbd1 a5 23.h3
Ba6 24.Rfe1 Qb7 25.Qe3 b4 26.Nd2 Qc7 27.Kh1 Qd7 28.Nb3 Qc7 29.f4 Bc4 30.f5 a4
31.Nc1 Bg5 32.Qf3 Rc8 33.fxe6

[Event "2. Bundesliga Mitte 2009/2010"]
[Site "St. Valentin"]
[Date "2010.01.31"]
[Round "6"]
[Board "1"]
[White "Horvath, Jozsef"]
[Black "Mohr, Georg"]
[Result "1/2-1/2"]
[WhiteElo "2547"]
[BlackElo "2503"]
[PlyCount "169"]
[EventDate "2009.10.10"]
[EventType "team"]
[EventRounds "11"]
[EventCountry "AUT"]
[WhiteTeam "SC Die Klagenfurter"]
[BlackTeam "Strassenbahn Graz"]

1.d4 g6 2.c4 Bg7 3.e4 d6 4.Nc3 c5 5.d5 Nf6 6.Bd3 O-O 7.Nf3 e6 8.h3 exd5 9.cxd5
Na6 10.O-O Nc7 11.Re1 a6 12.a4 Nd7 13.Bf4 Qe7 14.a5 Rb8 15.Bf1 f6 16.Nd2 Ne5
17.Bg3 Bd7 18.f4 Nf7 19.Nc4 Nb5 20.Nb6 Be8 21.Bf2 g5 22.f5 Ne5 23.Rb1 Kh8 24.Qd2
Rg8 25.b4 Nxc3 26.Qxc3 cxb4 27.Rxb4 g4 28.h4 g3 29.Bxg3 Bh6 30.Rb2 Bh5 31.Kh1
Nf3 32.Bf2 Nxe1 33.Qxe1 Bf4 34.Rb3 Rg7 35.g3 Be5 36.Nc4 Rc8 37.Nxe5 Qxe5 38.Bg2
Rc4 39.Rb4 Rgc7 40.Rxc4 Rxc4 41.Qb1 Qe7 42.Be3 Ra4 43.Qb6 Ra1+ 44.Kh2 Ra2 45.Kg1
Ra1+ 46.Kf2 Ra2+ 47.Kg1 Kg7 48.Bf4 Rxg2+ 49.Kxg2 Qxe4+ 50.Kg1 Qe1+ 51.Kg2 Qe2+
52.Kg1 Qd1+ 53.Kf2 Qf3+ 54.Kg1 Qxd5 55.Qxd6 Qxf5 56.Qe7+ Bf7 57.Qxb7 Qxa5 58.Qe7
h5 59.Be3 Qe1+ 60.Kg2 Qe2+ 61.Kg1 Qf3 62.Bf2 a5 63.Qe3 Qd1+ 64.Qe1 Qd5 65.Qe3 a4
66.Be1 Kg6 67.Kf2 Be6 68.Bd2 Bg4 69.Qe8+ Kf5 70.Qc8+ Kg6 71.Qe8+ Kf5 72.Qc8+ Qe6
73.Qxe6+ Kxe6 74.Bb4 Kd5 75.Ke3 Kc4 76.Be7 Kc3 77.Bxf6+ Kc2 78.Be7 Bd7 79.Bd6
Be6 80.Be7 Bd7 81.Bd6 Kb2 82.Be5+ Kb1 83.Bd6 Ka2 84.Kd2 Kb2 85.Be5+

[Event "2. Bundesliga Mitte 2009/2010"]
[Site "St. Valentin"]
[Date "2010.01.31"]
[Round "6"]
[Board "2"]
[White "Butunoi, Alexandru"]
[Black "Pilaj, Herwig"]
[Result "0-1"]
[WhiteElo "2382"]
[BlackElo "2363"]
[PlyCount "74"]
[EventDate "2009.10.10"]
[EventType "team"]
[EventRounds "11"]
[EventCountry "AUT"]
[WhiteTeam "Strassenbahn Graz"]
[BlackTeam "SC Die Klagenfurter"]

1.e4 c5 2.Nf3 Nc6 3.d4 cxd4 4.Nxd4 g6 5.Nc3 Bg7 6.Be3 Nf6 7.Bc4 Qa5 8.O-O O-O
9.Bb3 d6 10.h3 Bd7 11.Re1 Rac8 12.Qd3 Rfe8 13.Rad1 a6 14.f4 Nxd4 15.Bxd4 Nh5
16.Bxg7 Nxg7 17.e5 Nf5 18.Nd5 Qc5+ 19.Kh2 Kg7 20.Rd2 h5 21.Nc3 Bc6 22.Ne4 Bxe4
23.Qxe4 dxe5 24.fxe5 Red8 25.Red1 Ne3 26.Bxf7 Kxf7 27.Rxd8 Rxd8 28.Qf4+ Ke8
29.Re1 Nf5 30.Qg5 Kf7 31.c3 Qf2 32.e6+ Kg7 33.Re5 Rd1 34.Rxf5 Qxf5 35.Qxe7+ Kh6
36.Qc7 Qxe6 37.Qf4+ Kh7

[Event "2. Bundesliga Mitte 2009/2010"]
[Site "St. Valentin"]
[Date "2010.01.31"]
[Round "6"]
[Board "3"]
[White "Genser, Harald"]
[Black "Supancic, Darko"]
[Result "1/2-1/2"]
[WhiteElo "2272"]
[BlackElo "2359"]
[PlyCount "95"]
[EventDate "2009.10.10"]
[EventType "team"]
[EventRounds "11"]
[EventCountry "AUT"]
[WhiteTeam "SC Die Klagenfurter"]
[BlackTeam "Strassenbahn Graz"]

1.d4 d6 2.c4 e5 3.Nf3 e4 4.Ng5 f5 5.g3 h6 6.Nh3 g5 7.Bg2 Nf6 8.Nc3 Bg7 9.f3 O-O
10.O-O Qe7 11.fxe4 Nxe4 12.Nxe4 fxe4 13.Rxf8+ Kxf8 14.e3 Nd7 15.Bd2 Nf6 16.Qb3
c6 17.Nf2 Bf5 18.Rf1 Kg8 19.Qa3 Qd7 20.Bc3 d5 21.cxd5 cxd5 22.Rc1 a6 23.Bd2 Rc8
24.Rxc8+ Qxc8 25.Qc3 Qd7 26.Be1 Kh7 27.b3 h5 28.h3 Bf8 29.Bf1 Bd6 30.Kg2 h4
31.g4 Be6 32.Be2 Ng8 33.Qc1 Ne7 34.Bd2 Nc6 35.Nh1 Bb8 36.Qg1 Qd6 37.Kf2 Qa3
38.Qb1 Kg7 39.Kg2 Qd6 40.Qg1 Bd7 41.Kf2 Nd8 42.Kg2 Ne6 43.Nf2 Qc7 44.Bd1 Ba7
45.Qh2 Qxh2+ 46.Kxh2 Bb8+ 47.Kg2 Bd6 48.Be2

[Event "2. Bundesliga Mitte 2009/2010"]
[Site "St. Valentin"]
[Date "2010.01.31"]
[Round "6"]
[Board "4"]
[White "Pesorda, Ivan"]
[Black "Petschar, Kurt"]
[Result "1-0"]
[WhiteElo "2256"]
[BlackElo "2266"]
[PlyCount "71"]
[EventDate "2009.10.10"]
[EventType "team"]
[EventRounds "11"]
[EventCountry "AUT"]
[WhiteTeam "Strassenbahn Graz"]
[BlackTeam "SC Die Klagenfurter"]

1.d4 d5 2.c4 c6 3.Nf3 Nf6 4.Nc3 e6 5.cxd5 exd5 6.Qc2 g6 7.Bg5 Bg7 8.e3 Bf5 9.Bd3
Bxd3 10.Qxd3 Nbd7 11.O-O O-O 12.b4 h6 13.Bh4 a6 14.a4 Qb6 15.Rab1 Rfe8 16.Rfc1
Ne4 17.Nd2 g5 18.Bg3 Nxg3 19.hxg3 Nf6 20.Qf5 Qd8 21.b5 cxb5 22.axb5 Qc8 23.Qd3
Qe6 24.Nb3 Nd7 25.Na4 Bf8 26.Rc7 Reb8 27.Nac5 Nxc5 28.Nxc5 Qb6 29.Rd7 Bxc5
30.dxc5 Qxc5 31.Qf5 Qf8 32.b6 a5 33.Rc1 Rc8 34.Rcc7 Rxc7 35.bxc7 a4 36.Qxd5

[Event "2. Bundesliga Mitte 2009/2010"]
[Site "St. Valentin"]
[Date "2010.01.31"]
[Round "6"]
[Board "5"]
[White "Titz, Heimo"]
[Black "Krebs, Johann"]
[Result "0-1"]
[WhiteElo "2242"]
[BlackElo "2218"]
[PlyCount "100"]
[EventDate "2009.10.10"]
[EventType "team"]
[EventRounds "11"]
[EventCountry "AUT"]
[WhiteTeam "SC Die Klagenfurter"]
[BlackTeam "Strassenbahn Graz"]

1.c4 g6 2.Nc3 c5 3.Nf3 Nc6 4.e3 Bg7 5.d4 Nh6 6.d5 Na5 7.e4 d6 8.Bf4 f6 9.h3 O-O
10.Bd3 Nf7 11.O-O Ne5 12.Nxe5 dxe5 13.Be3 b6 14.a3 Ba6 15.b3 h5 16.Rb1 Kh7
17.Qe2 Rc8 18.Nb5 Bxb5 19.cxb5 Bh6 20.Bc4 Nb7 21.Bxh6 Kxh6 22.Qe3+ Kg7 23.f4
exf4 24.Rxf4 Qd6 25.e5 fxe5 26.Re4 Rf5 27.Re1 Re8 28.Rxe5 Qxe5 29.Qxe5+ Rxe5
30.Rxe5 Nd6 31.Bd3 Kf7 32.Rg5 Rg8 33.h4 Kf6 34.Rg3 Rg7 35.Kf2 g5 36.Re3 gxh4
37.Re6+ Kf7 38.Be2 Rg5 39.Bf3 Nxb5 40.Rc6 Nd4 41.Rc7 Kf6 42.Rxa7 h3 43.d6 Nxf3
44.gxh3 Nd4 45.d7 Rd5 46.Rb7 Ke6 47.Rxb6+ Kxd7 48.a4 Rf5+ 49.Kg2 Kc7 50.a5 Rf6

[Event "2. Bundesliga Mitte 2009/2010"]
[Site "St. Valentin"]
[Date "2010.01.31"]
[Round "6"]
[Board "6"]
[White "Schink, Barbara"]
[Black "Wertjanz, David"]
[Result "1-0"]
[WhiteElo "2057"]
[BlackElo "2126"]
[PlyCount "125"]
[EventDate "2009.10.10"]
[EventType "team"]
[EventRounds "11"]
[EventCountry "AUT"]
[WhiteTeam "Strassenbahn Graz"]
[BlackTeam "SC Die Klagenfurter"]

1.e4 c5 2.Nf3 d6 3.d4 cxd4 4.Nxd4 Nf6 5.Nc3 a6 6.Be2 e5 7.Nb3 Be7 8.O-O Be6
9.Be3 Nbd7 10.a4 Qc7 11.f3 O-O 12.Rf2 Rfd8 13.Bf1 Nc5 14.Rd2 Nxb3 15.cxb3 b6
16.Rc1 Qb7 17.Bc4 h6 18.h3 Rd7 19.Kh2 Rc7 20.Qf1 b5 21.axb5 axb5 22.Nxb5 Rd7
23.Rcd1 Rad8 24.Nc3 d5 25.exd5 Nxd5 26.Nxd5 Bxd5 27.Bxd5 Rxd5 28.Rxd5 Rxd5
29.Rxd5 Qxd5 30.Qc4 Qd1 31.b4 Qe1 32.Qc8+ Kh7 33.Qf5+ Kg8 34.Qc8+ Kh7 35.Qc2+
Kg8 36.Bd2 Qe2 37.Qc8+ Kh7 38.Qf5+ Kg8 39.Bc3 Bd6 40.Qd7 Qd3 41.Qe8+ Kh7 42.Qxf7
Qe3 43.Qf5+ Kh8 44.Qe4 Qg5 45.b5 Bc7 46.b6 Bxb6 47.Qxe5 Qg6 48.f4 Kh7 49.f5 Qf7
50.Qe6 Bc7+ 51.g3 Qh5 52.Kg2 Qg5 53.g4 h5 54.Qg6+ Qxg6 55.fxg6+ Kxg6 56.gxh5+
Kxh5 57.Bxg7 Bd6 58.Bf6 Bb4 59.Kf3 Ba5 60.Ke4 Kg6 61.Bc3 Bb6 62.b4 Kh5 63.Be1

[Event "2. Bundesliga Mitte 2009/2010"]
[Site "St. Valentin"]
[Date "2010.01.31"]
[Round "6"]
[Board "1"]
[White "Sebenik, Matej"]
[Black "Bosiocic, Marin"]
[Result "1/2-1/2"]
[WhiteElo "2504"]
[BlackElo "2577"]
[PlyCount "60"]
[EventDate "2009.10.10"]
[EventType "team"]
[EventRounds "11"]
[EventCountry "AUT"]
[WhiteTeam "SV Raika Rapid Feffernitz"]
[BlackTeam "SV Signum Siebdruck St. Veit/Glan"]

1.d4 Nf6 2.c4 g6 3.Nf3 Bg7 4.g3 c6 5.Nc3 d5 6.cxd5 cxd5 7.Ne5 Nfd7 8.f4 Nxe5
9.fxe5 O-O 10.Bg2 Be6 11.O-O Nc6 12.Kh1 Na5 13.b3 f6 14.exf6 exf6 15.Ba3 Re8
16.e4 dxe4 17.d5 f5 18.Nxe4 fxe4 19.dxe6 Bxa1 20.Qxa1 Rxe6 21.Bh3 Re8 22.Qc3 Nc6
23.Qc4+ Kg7 24.Rf7+ Kh6 25.Bc1+ g5 26.Bf5 Qd1+ 27.Kg2 Qf3+ 28.Kg1 Qd1+ 29.Kg2
Qf3+ 30.Kg1 Qd1+

[Event "2. Bundesliga Mitte 2009/2010"]
[Site "St. Valentin"]
[Date "2010.01.31"]
[Round "6"]
[Board "2"]
[White "Rogic, Davor"]
[Black "Gostisa, Leon"]
[Result "1-0"]
[WhiteElo "2559"]
[BlackElo "2409"]
[PlyCount "151"]
[EventDate "2009.10.10"]
[EventType "team"]
[EventRounds "11"]
[EventCountry "AUT"]
[WhiteTeam "SV Signum Siebdruck St. Veit/Glan"]
[BlackTeam "SV Raika Rapid Feffernitz"]

1.e4 e5 2.Nf3 Nc6 3.Bb5 a6 4.Ba4 Nf6 5.O-O Be7 6.Re1 b5 7.Bb3 O-O 8.c3 d5 9.d4
exd4 10.e5 Ne4 11.cxd4 Bg4 12.Nc3 Nxc3 13.bxc3 Qd7 14.h3 Bf5 15.Nh2 Na5 16.Bc2
Nc4 17.Ng4 a5 18.Ne3 Nxe3 19.Bxe3 Ra6 20.a4 b4 21.cxb4 Bxb4 22.Re2 Rc6 23.Rc1
Rc4 24.Bxf5 Qxf5 25.Rec2 Rxc2 26.Qxc2 Qxc2 27.Rxc2 Rc8 28.Kf1 Kf8 29.Ke2 Ke7
30.Kd3 Kd7 31.f4 Rb8 32.Rb2 Rb6 33.f5 Rc6 34.Rc2 Rb6 35.Bf4 Be7 36.e6+ fxe6
37.Rxc7+ Ke8 38.fxe6 Rxe6 39.Ra7 Rb6 40.Rxa5 Rb3+ 41.Kc2 Rb4 42.Be5 Bf6 43.Bxf6
gxf6 44.Kc3 Rc4+ 45.Kd3 Kf7 46.Rxd5 Rxa4 47.Rd7+ Kg6 48.Rc7 h5 49.Rc2 Kf5
50.Rf2+ Ke6 51.Ke4 Rb4 52.Ra2 f5+ 53.Ke3 Kf6 54.h4 Rb8 55.Ra6+ Kf7 56.Rh6 Re8+
57.Kd3 Rg8 58.Rxh5 Rxg2 59.Rxf5+ Ke6 60.Re5+ Kd6 61.h5 Rh2 62.Ra5 Rh1 63.Rg5 Ke6
64.Re5+ Kd6 65.Ke3 Rh4 66.Rg5 Ke6 67.d5+ Kf6 68.d6 Rh3+ 69.Kd4 Rh1 70.Rg6+ Kf7
71.Rh6 Kg7 72.Re6 Kf7 73.Re3 Rxh5 74.d7 Rh8 75.Kc5 Ra8 76.Kb6

[Event "2. Bundesliga Mitte 2009/2010"]
[Site "St. Valentin"]
[Date "2010.01.31"]
[Round "6"]
[Board "3"]
[White "Jeric, Simon"]
[Black "Neubauer, Martin"]
[Result "0-1"]
[WhiteElo "2298"]
[BlackElo "2465"]
[PlyCount "76"]
[EventDate "2009.10.10"]
[EventType "team"]
[EventRounds "11"]
[EventCountry "AUT"]
[WhiteTeam "SV Raika Rapid Feffernitz"]
[BlackTeam "SV Signum Siebdruck St. Veit/Glan"]

1.e4 e5 2.Nf3 Nc6 3.Bc4 Nf6 4.Ng5 d5 5.exd5 Na5 6.Bb5+ c6 7.dxc6 bxc6 8.Qf3 Rb8
9.Bd3 Bd6 10.Bf5 h6 11.Ne4 Nxe4 12.Bxe4 O-O 13.Bf5 e4 14.Bxe4 Re8 15.Kd1 Qh4
16.Bf5 Bxf5 17.Qxf5 Rb5 18.Qf3 g6 19.g4 Re6 20.Qg2 Nc4 21.d3 Nxb2+ 22.Bxb2 Rxb2
23.Nd2 Bf4 24.Ne4 Qd8 25.Qf3 Qb8 26.h3 g5 27.h4 Rxa2 28.Rxa2 Qb1+ 29.Ke2 Qxa2
30.hxg5 hxg5 31.Kf1 Qxc2 32.Rh5 Qb2 33.Kg2 Qe5 34.Rh1 a5 35.Rb1 Rh6 36.Ng3 Bxg3
37.Qxg3 Qd5+ 38.f3 Qa2+